00707nam a2200229 a 4500001001300000003000900013005001700022008004100039020002300080082001800103100002500121245003900146260004500185300000900230500003500239505002700274700002500301902000800326942000700334952011900341999001700460nice12345678IN_TiNIC20260116013340.0050524s1986 tria grp 000 0 eng  a8190037501 c40000a954.0359bNAM aNamboodiripad, E M S aHistory of Indian Freedom Struggle aTrivandrumbSocial Scientist Pressc1986 a540p aincludes index and biblioraphy2 aappendix, bibliography1 aNamboodiripad, E M S bSRS cBK 001040708StackRoom-aHMIbHMId2005-05-24g400.00l0o954.0359 NAMp019111r2005-05-24v400.00w2005-05-24yBK c10653d10653